000 00423nam a2200169 a 4500
005 20140310183204.0
008 030423s19uu xx 00 eng d
020 _a0006716733
050 _aPZ 7
_b.G226Mo 1988
100 _aGarner, Alan
245 _aThe Moon of Gomrath /
_cAlan Garner.
260 _aLondon :
_bLions,
_c1988.
300 _a156 p. :
_c18 cm.
650 _aFiction
942 _cBK
_2lcc
999 _c19947
_d19947